| 000 | 00725nam a2200217 a 4500 | ||
|---|---|---|---|
| 001 | 000041473 | ||
| 005 | 20201002034924.0 | ||
| 008 | 131007s1976 sp ac 000 0 spa d | ||
| 020 | _a847408007X | ||
| 040 |
_aDO-SdBNP _bspa _cBNPHU |
||
| 082 |
_axxx _bS847n, 1976 |
||
| 100 | 1 |
_aStevenson, William _d1925- _968160 |
|
| 240 | 1 | 0 |
_a90 minutes at Entebbe. _leng |
| 245 | 1 | 0 |
_a90 minutos en entebbe / _cWilliam Stevenson ; traducido por Marcelo Covián. |
| 246 | 1 | 0 | _aNoventa minutos en Entebbe. |
| 250 | _a2a ed. | ||
| 260 |
_aMadrid _aCosmos, _c1976. |
||
| 300 |
_a328 p. _ail., retrs. ; _c21 cm. |
||
| 500 | _aIncluye datos biográicos del autor en la solapa de la contracubierta. | ||
| 700 | 1 | 2 |
_aCovián, Marcelo _etr. _932353 |
| 999 |
_c40963 _d40963 |
||